उसका अनाम प्यार : (Record no. 117749)

MARC details
000 -LEADER
fixed length control field 01254nam a22002777a 4500
003 - CONTROL NUMBER IDENTIFIER
control field dpl
005 - DATE AND TIME OF LATEST TRANSACTION
control field 20190119152122.0
008 - FIXED-LENGTH DATA ELEMENTS--GENERAL INFORMATION
fixed length control field 190119b ||||| |||| 00| 0 eng d
010 ## - LIBRARY OF CONGRESS CONTROL NUMBER
LC control number B-113741
020 ## - INTERNATIONAL STANDARD BOOK NUMBER
Terms of availability 350.00
International Standard Book Number 8187524685
035 ## - SYSTEM CONTROL NUMBER
System control number B-113741, B-113759
037 ## - SOURCE OF ACQUISITION
Source of stock number/acquisition Cen Lib/Ret
040 ## - CATALOGING SOURCE
Original cataloging agency DPL
Language of cataloging HN
Transcribing agency 0
082 ## - DEWEY DECIMAL CLASSIFICATION NUMBER
Classification number 920
Item number उसका
245 ## - TITLE STATEMENT
Title उसका अनाम प्यार :
Statement of responsibility, etc अनुवादक विजय प्रकाश
Remainder of title महान रूसी साहित्यकारों की अंतरग जीवन-कथाएं /
246 ## - VARYING FORM OF TITLE
Title proper/short title Uska anaam pyar : mahan rusi sahityakaron ki antrag jeevan-kathaen /
Remainder of title anuvadak Vijay Prakash
260 ## - PUBLICATION, DISTRIBUTION, ETC. (IMPRINT)
Place of publication, distribution, etc मेरठ
Name of publisher, distributor, etc संवाद प्रकाशन
Date of publication, distribution, etc 2004
270 ## - ADDRESS
City मेरठ
Address आई-499, शास्त्रीनगर
Postal code 250 004
300 ## - PHYSICAL DESCRIPTION
Extent 331पृ.
Dimensions 20सेमी(सजिल्द)
650 ## - SUBJECT ADDED ENTRY--TOPICAL TERM
Topical term or geographic name as entry element हिन्दी -- साहित्य
9 (RLIN) 76618
650 ## - SUBJECT ADDED ENTRY--TOPICAL TERM
Topical term or geographic name as entry element हिन्दी -- जीवनियाँ
9 (RLIN) 76619
650 ## - SUBJECT ADDED ENTRY--TOPICAL TERM
Topical term or geographic name as entry element Hindi literature
9 (RLIN) 76620
650 ## - SUBJECT ADDED ENTRY--TOPICAL TERM
Topical term or geographic name as entry element Hindi - Biographies
9 (RLIN) 76621
700 ## - ADDED ENTRY--PERSONAL NAME
Personal name प्रकाश, विजय
9 (RLIN) 76622
942 ## - ADDED ENTRY ELEMENTS (KOHA)
Source of classification or shelving scheme Dewey Decimal Classification
Koha item type Hindi Books
Classification part 920
Call number suffix उसका
Holdings
Withdrawn status Lost status Damaged status Not for loan Home library Current library Date acquired Source of acquisition Cost, normal purchase price Total Checkouts Full call number Barcode Date last seen Copy number Cost, replacement price Price effective from Koha item type Source of classification or shelving scheme Collection code
        Central Library Central Library 08/09/2015 Cen Lib/Ret 350.00   920 उसका B-113741 08/09/2015 1 350.00 08/09/2015 Hindi Books    
        Sarojini Nagar Sarojini Nagar 16/10/2021       920 उसका B-113748 16/10/2021   350.00 16/10/2021 Hindi Books Dewey Decimal Classification Non-fiction
        Shahdara Branch Shahdara Branch 19/01/2019 BPPD/PUB 350.00   920 उसका b-113759 19/01/2019     19/01/2019 Hindi Books Dewey Decimal Classification Non-fiction

© Delhi Public Library
Hit Counter
free hit counter